[Event "San Vicente op 8th"]
[Site "San Vicente"]
[Date "2024.03.29"]
[Round "5"]
[White "Movsziszian, Karen"]
[Black "Hernandez, Cristian Andres"]
[Result "1-0"]
[WhiteElo "2439"]
[BlackElo "2333"]
[PlyCount "69"]
[EventDate "2024.03.27"]
[EventType "swiss"]
[EventRounds "9"]
[EventCountry "ESP"]
[SourceTitle "CB14_2024"]
[SourceDate "2024.04.01"]
[SourceVersion "1"]
[SourceVersionDate "2024.04.01"]
[SourceQuality "1"]

1. d3 d5 2. f4 Nc6 3. Nf3 Bg4 4. Nbd2 Qd6 5. g3 e5 6. fxe5 Nxe5 7. Bg2 Nxf3+ 8. Nxf3 Qb6 9. c3 Bc5 10. Qa4+ Bd7 11. Qb3 Ne7 12. Bf4 Ng6 13. d4 Nxf4 14. gxf4 Qxb3 15. axb3 Bd6 16. Ne5 f6 17. Nxd7 Kxd7 18. e3 c6 19. c4 dxc4 20. bxc4 f5 21. c5 Be7 22. h4 a5 23. Ke2 Rhb8 24. h5 b6 25. cxb6 Rxb6 26. Ra2 Rb5 27. Rc1 Ra6 28. Rc2 Rab6 29. Kf3 Bb4 30. Bf1 Rd5 31. Rg2 g6 32. hxg6 hxg6 33. Rxg6 Ke7 34. b3 Rd8 35. Rh2 1-0

[Event "Barcelona Tancat"]
[Site "Barcelona"]
[Date "2024.01.05"]
[Round "8"]
[White "Mompel Ferruz, Xavier"]
[Black "Hernandez, Cristian Andres"]
[Result "1-0"]
[WhiteElo "2148"]
[BlackElo "2345"]
[PlyCount "125"]
[EventDate "2024.01.02"]
[EventType "tourn"]
[EventRounds "9"]
[EventCountry "ESP"]
[EventCategory "1"]
[SourceTitle "CB02_2024"]
[SourceDate "2024.01.10"]
[SourceVersion "1"]
[SourceVersionDate "2024.01.10"]
[SourceQuality "1"]

1. e4 c5 2. Nf3 d6 3. d4 Nf6 4. dxc5 Nxe4 5. cxd6 Nc6 6. Bd3 Nxd6 7. 0-0 g6 8. c3 Bg7 9. Nbd2 0-0 10. Ne4 h6 11. Nxd6 Qxd6 12. Be4 Qc7 13. Qe2 e5 14. Re1 Re8 15. Bd5 Kh7 16. Qc4 Be6 17. Bxe6 Rxe6 18. Be3 Rae8 19. Rad1 b6 20. h4 R6e7 21. h5 Nd4 22. hxg6+ fxg6 23. Ng5+ hxg5 24. Qxc7 Nf3+ 25. gxf3 Rxc7 26. Bxg5 Rf8 27. Kg2 Rcf7 28. Rd3 Rf5 29. Bh4 g5 30. Bg3 R8f7 31. Re4 Kg6 32. c4 Bh8 33. b4 Bg7 34. c5 bxc5 35. bxc5 Bf8 36. Rd5 Rc7 37. Rexe5 Rxe5 38. Rxe5 Rxc5 39. Re6+ Kf5 40. Ra6 Rc3 41. Rxa7 Ba3 42. Ra5+ Kg6 43. f4 gxf4 44. Bxf4 Rd3 45. Be3 Kf6 46. Kf3 Ke6 47. Ke4 Rc3 48. Bd4 Rh3 49. f4 Bd6 50. f5+ Kd7 51. Kd5 Ra3 52. Rxa3 Bxa3 53. Bc5 Bb2 54. a4 Bf6 55. a5 Kc7 56. Ke6 Bc3 57. a6 Kb8 58. Bd6+ Ka7 59. Be5 Bb4 60. f6 Kxa6 61. f7 Bf8 62. Bd6 Bg7 63. Kf5 1-0

[Event "Barcelona Tancat"]
[Site "Barcelona"]
[Date "2024.01.04"]
[Round "6"]
[White "Alcala Gonzalez, Cesar"]
[Black "Hernandez, Cristian Andres"]
[Result "1-0"]
[WhiteElo "2247"]
[BlackElo "2345"]
[PlyCount "77"]
[EventDate "2024.01.02"]
[EventType "tourn"]
[EventRounds "9"]
[EventCountry "ESP"]
[EventCategory "1"]
[SourceTitle "CB02_2024"]
[SourceDate "2024.01.10"]
[SourceVersion "1"]
[SourceVersionDate "2024.01.10"]
[SourceQuality "1"]

1. d4 Nf6 2. c4 e6 3. Nc3 d5 4. cxd5 exd5 5. Bg5 c6 6. e3 Be7 7. Bd3 0-0 8. h3 Nbd7 9. Nf3 Re8 10. 0-0 g6 11. Rb1 a5 12. a3 b5 13. Rc1 Bb7 14. Re1 Nb6 15. e4 dxe4 16. Nxe4 Nxe4 17. Bxe7 Rxe7 18. Bxe4 Nc4 19. b3 Nxa3 20. Ne5 Qd6 21. Bxc6 Bxc6 22. Rxc6 Qd5 23. Rc5 Qd6 24. Qf3 Rd8 25. Rec1 Rde8 26. Rc8 f6 27. Nc6 Re6 28. d5 Rxc8 29. dxe6 Kg7 30. e7 Re8 31. Rd1 Qe6 32. Rd8 Kf7 33. Rxe8 Kxe8 34. Qc3 Nc4 35. Nd4 b4 36. Qa1 Qa6 37. bxc4 a4 38. Nb5 Qa5 39. Qxf6 1-0

[Event "Barcelona Tancat"]
[Site "Barcelona"]
[Date "2024.01.03"]
[Round "3"]
[White "Hernandez, Cristian Andres"]
[Black "Ryan, Joseph"]
[Result "1/2-1/2"]
[WhiteElo "2345"]
[BlackElo "2218"]
[PlyCount "136"]
[EventDate "2024.01.02"]
[EventType "tourn"]
[EventRounds "9"]
[EventCountry "ESP"]
[EventCategory "1"]
[SourceTitle "CB02_2024"]
[SourceDate "2024.01.10"]
[SourceVersion "1"]
[SourceVersionDate "2024.01.10"]
[SourceQuality "1"]

1. d4 Nf6 2. Nf3 d5 3. c4 e6 4. g3 Bb4+ 5. Bd2 Be7 6. Bg2 0-0 7. Qc2 c6 8. 0-0 Nbd7 9. Bf4 b6 10. cxd5 cxd5 11. Ne5 Bb7 12. Nc6 Bxc6 13. Qxc6 Qc8 14. Qa4 Qb7 15. Nc3 Rfc8 16. Bd2 a6 17. Rfc1 b5 18. Qd1 Nb6 19. Be1 Qd7 20. e3 b4 21. Ne2 a5 22. Bf1 Rxc1 23. Nxc1 Rc8 24. Nd3 Rc7 25. Rb1 Nc4 26. Rc1 Bd6 27. Be2 Ne4 28. Bf1 f5 29. f3 Nf6 30. Kf2 g5 31. b3 Na3 32. Be2 Qc8 33. Bd2 Rxc1 34. Qxc1 Qxc1 35. Bxc1 Nb1 36. Bb2 g4 37. Ke1 gxf3 38. Bxf3 Na3 39. Nc5 Kf7 40. Nb7 Bc7 41. Bxa3 bxa3 42. Kd2 Ng4 43. h3 Nf6 44. g4 fxg4 45. hxg4 h6 46. Kc3 e5 47. b4 axb4+ 48. Kxb4 exd4 49. exd4 Bf4 50. Kxa3 Kg6 51. Nc5 Bg3 52. Nb3 Kg5 53. Kb4 Kf4 54. Bh1 Kxg4 55. a4 Bf2 56. a5 Be1+ 57. Kc5 Bxa5 58. Nxa5 Kf4 59. Nc6 h5 60. Ne7 Ne4+ 61. Kxd5 Nf2 62. Bg2 h4 63. Kc6 h3 64. Bxh3 Nxh3 65. d5 Ng5 66. d6 Nf7 67. d7 Ne5+ 68. Kc7 Nxd7 1/2-1/2

[Event "Barcelona Sants op 24th"]
[Site "Barcelona"]
[Date "2023.08.25"]
[Round "8"]
[White "Hernandez Sanchez, Elvis de la Caridad"]
[Black "Hernandez, Cristian Andres"]
[Result "0-1"]
[WhiteElo "2241"]
[BlackElo "2372"]
[PlyCount "64"]
[EventDate "2023.08.18"]
[EventType "swiss"]
[EventRounds "10"]
[EventCountry "ESP"]
[SourceTitle "CBM 215 Extra"]
[Source "ChessBase"]
[SourceDate "2023.09.30"]
[SourceVersion "1"]
[SourceVersionDate "2023.09.30"]
[SourceQuality "1"]

1. e4 c5 2. c3 d5 3. exd5 Qxd5 4. d4 Nf6 5. Nf3 e6 6. Na3 a6 7. Nc4 Nbd7 8. Be2 b5 9. Nfd2 Ra7 10. Bf3 Qf5 11. Ne3 Qf4 12. dxc5 Nxc5 13. Nb3 Qc7 14. 0-0 Be7 15. Nxc5 Bxc5 16. a4 0-0 17. axb5 axb5 18. Rxa7 Qxa7 19. Nc2 Bb7 20. Bxb7 Qxb7 21. Be3 Be7 22. Qe2 Nd5 23. Qf3 Ra8 24. Rd1 Qc8 25. Bd4 Ra2 26. Ne3 Nxe3 27. Qxe3 Rxb2 28. c4 Rb4 29. c5 Qd7 30. Qc1 Rxd4 31. Rxd4 Qxd4 32. c6 Bd6 0-1

[Event "Sueca op 7th"]
[Site "Sueca"]
[Date "2023.08.12"]
[Round "7"]
[White "Carbonell Bofill, Carlos Eloy"]
[Black "Hernandez, Cristian Andres"]
[Result "0-1"]
[WhiteElo "2108"]
[BlackElo "2372"]
[PlyCount "110"]
[EventDate "2023.08.07"]
[EventType "swiss"]
[EventRounds "9"]
[EventCountry "ESP"]
[SourceTitle "CBM 215 Extra"]
[Source "ChessBase"]
[SourceDate "2023.09.30"]
[SourceVersion "1"]
[SourceVersionDate "2023.09.30"]
[SourceQuality "1"]

1. d4 Nf6 2. Nf3 b6 3. g3 e6 4. Bg2 Ba6 5. 0-0 Be7 6. Ne5 d5 7. c4 c6 8. Qa4 Bxc4 9. Nc3 Ba6 10. Nxc6 Qd7 11. Nxe7 Qxa4 12. Nxa4 Kxe7 13. Nc3 Nc6 14. Rd1 Rac8 15. Bg5 h6 16. Bxf6+ Kxf6 17. e4 dxe4 18. d5 exd5 19. Rxd5 Rhd8 20. Bxe4 Nd4 21. Re1 Bc4 22. Rxd8 Rxd8 23. b3 Be6 24. Kg2 g5 25. f3 Rc8 26. Re3 b5 27. Ne2 Nf5 28. Rc3 Rxc3 29. Nxc3 Nd6 30. Bc6 b4 31. Ne2 Bf5 32. Kf2 Bb1 33. Nc1 Ke5 34. Ke3 Nf5+ 35. Kd2 a5 36. Ne2 Ne7 37. f4+ gxf4 38. gxf4+ Kd6 39. Be8 f6 40. Nd4 Nd5 41. a4 Nxf4 42. Nc6 Bg6 43. Bxg6 Kxc6 44. Bf7 Kd6 45. Ke3 Ke5 46. Kf3 Ne6 47. Ke3 Nc5 48. Kf3 f5 49. h4 Ne6 50. Ke3 Nc5 51. Kf3 f4 52. Kg4 Ke4 53. Bc4 f3 54. Kh5 Nxb3 55. Kxh6 Nd2 0-1

[Event "Sueca op 7th"]
[Site "Sueca"]
[Date "2023.08.09"]
[Round "3"]
[White "Munoz Aparici, Juan"]
[Black "Hernandez, Cristian Andres"]
[Result "0-1"]
[WhiteElo "1687"]
[BlackElo "2372"]
[PlyCount "96"]
[EventDate "2023.08.07"]
[EventType "swiss"]
[EventRounds "9"]
[EventCountry "ESP"]
[SourceTitle "CBM 215 Extra"]
[Source "ChessBase"]
[SourceDate "2023.09.30"]
[SourceVersion "1"]
[SourceVersionDate "2023.09.30"]
[SourceQuality "1"]

1. c4 c5 2. Nc3 Nc6 3. g3 g6 4. Bg2 Bg7 5. Nf3 d6 6. d3 e6 7. Be3 Nge7 8. 0-0 0-0 9. Rb1 b6 10. Qd2 Nf5 11. Ne5 Bxe5 12. Bxc6 Nxe3 13. fxe3 Rb8 14. d4 Bg7 15. Rbd1 Qc7 16. d5 e5 17. e4 Qe7 18. Kg2 h5 19. h3 Kh7 20. Rf3 Bh6 21. e3 f5 22. Rdf1 h4 23. Qf2 hxg3 24. Qxg3 f4 25. exf4 exf4 26. Qe1 g5 27. Rh1 Qe5 28. Kf1 a6 29. Ba4 Rb7 30. Bc2 b5 31. cxb5 axb5 32. Nd1 Kh8 33. Qc3 Bg7 34. Qxe5 Bxe5 35. b3 Ra7 36. Bb1 c4 37. b4 Ra4 38. a3 Bd7 39. Bc2 Ra6 40. Rg1 Rfa8 41. Rxg5 Rxa3 42. Rh5+ Kg7 43. Rg5+ Kh6 44. Rxa3 Rxa3 45. h4 Ra2 46. Bb1 Ra1 47. Bc2 Rc1 48. Rg2 Bh3 0-1

[Event "Sueca op 7th"]
[Site "Sueca"]
[Date "2023.08.08"]
[Round "2"]
[White "Hernandez, Cristian Andres"]
[Black "Juan Lepp, Jaime Boris"]
[Result "1/2-1/2"]
[WhiteElo "2372"]
[BlackElo "1915"]
[PlyCount "86"]
[EventDate "2023.08.07"]
[EventType "swiss"]
[EventRounds "9"]
[EventCountry "ESP"]
[SourceTitle "CBM 215 Extra"]
[Source "ChessBase"]
[SourceDate "2023.09.30"]
[SourceVersion "1"]
[SourceVersionDate "2023.09.30"]
[SourceQuality "1"]

1. d4 d5 2. c4 e6 3. cxd5 exd5 4. Nc3 Nf6 5. Bg5 Bb4 6. e3 h6 7. Bh4 g5 8. Bg3 Ne4 9. Qc2 c5 10. Bd3 Bf5 11. f3 Nxg3 12. hxg3 Bxd3 13. Qxd3 Nc6 14. Nge2 Qe7 15. Kf2 0-0-0 16. a3 Bxc3 17. Qxc3 c4 18. g4 Qe6 19. Ng3 Kb8 20. b3 cxb3 21. Rab1 Rc8 22. Rxb3 Rc7 23. Qd2 Ne7 24. Rc1 Rhc8 25. Rbc3 Rxc3 26. Rxc3 Rxc3 27. Qxc3 f5 28. gxf5 Nxf5 29. Ne2 Nd6 30. Qd3 Qf7 31. Nc3 g4 32. Qb1 Nf5 33. Qb4 b6 34. Qb5 Qe6 35. Qd3 g3+ 36. Ke2 Nh4 37. Kf1 Nxf3 38. gxf3 Qh3+ 39. Ke1 Qh1+ 40. Kd2 g2 41. Qg6 g1Q 42. Qe8+ Kb7 43. Qd7+ Kb8 1/2-1/2

[Event "Alicante IM Teams 3rd"]
[Site "Alicante"]
[Date "2023.07.05"]
[Round "5"]
[White "Macias Pino, Diego"]
[Black "Hernandez, Cristian Andres"]
[Result "1-0"]
[WhiteElo "2433"]
[BlackElo "2367"]
[PlyCount "115"]
[EventDate "2023.07.03"]
[EventType "schev"]
[EventRounds "9"]
[EventCountry "ESP"]
[SourceTitle "CBM 215 Extra"]
[Source "ChessBase"]
[SourceDate "2023.09.30"]
[SourceVersion "1"]
[SourceVersionDate "2023.09.30"]
[SourceQuality "1"]
[WhiteTeam "Team C"]
[BlackTeam "Team A"]
[WhiteTeamCountry "ESP"]
[BlackTeamCountry "ESP"]

1. e4 c5 2. Nf3 e6 3. d4 cxd4 4. Nxd4 Nc6 5. Nc3 Qc7 6. f4 a6 7. Nxc6 Qxc6 8. Bd3 b5 9. Qe2 Bb7 10. Bd2 Bc5 11. 0-0-0 Ne7 12. a3 Rb8 13. Rhf1 0-0 14. f5 f6 15. Qh5 Qc8 16. fxe6 dxe6 17. Rf3 g6 18. Qh4 Nc6 19. Rxf6 Rxf6 20. Qxf6 Bd4 21. Qf4 Be5 22. Qf2 Qc7 23. Rf1 Bxh2 24. Bh6 Bd6 25. Bxb5 Ne5 26. Qf6 Qe7 27. Be2 Rc8 28. Kb1 Qxf6 29. Rxf6 Re8 30. Ka2 Nf7 31. Bd2 Kg7 32. Rf1 Be5 33. g4 Nd6 34. Bd3 h5 35. gxh5 gxh5 36. Rg1+ Kf6 37. Bh6 Nf7 38. Bg7+ Ke7 39. Bxe5 Nxe5 40. Rg7+ Nf7 41. e5 Kf8 42. Rh7 Bf3 43. Bg6 Re7 44. Bxh5 Nxe5 45. Rxe7 Kxe7 46. Bxf3 Nxf3 47. Ne4 Nd4 48. c3 Nb5 49. b4 e5 50. Kb3 Nc7 51. Kc4 Ke6 52. Nc5+ Kd6 53. a4 Kc6 54. Nxa6 Nxa6 55. b5+ Kb6 56. bxa6 Kxa6 57. Kd5 Ka5 58. Kxe5 1-0

[Event "Asturias-ch"]
[Site "Oviedo"]
[Date "2023.04.09"]
[Round "9"]
[White "Hernandez, Cristian Andres"]
[Black "Gonzalez Guedes, Iyan"]
[Result "0-1"]
[WhiteElo "2384"]
[BlackElo "2233"]
[PlyCount "40"]
[EventDate "2023.04.03"]
[EventType "tourn"]
[EventRounds "9"]
[EventCountry "ESP"]
[EventCategory "3"]
[SourceTitle "EXT 2024"]
[Source "ChessBase"]
[SourceDate "2023.10.10"]
[SourceVersion "1"]
[SourceVersionDate "2023.10.10"]
[SourceQuality "1"]

1. e4 c5 2. Nf3 d6 3. Nc3 Nf6 4. e5 dxe5 5. Nxe5 a6 6. g3 Qc7 7. d4 cxd4 8. Qxd4 Nc6 9. Nxc6 Qxc6 10. Bg5 h6 11. Bxf6 exf6 12. 0-0-0 Be6 13. Ne4 Rc8 14. c3 Be7 15. Bg2 0-0 16. Rhg1 Qb5 17. Nd6 Bxd6 18. Qxd6 Bxa2 19. Qd7 Qa5 20. Kc2 Be6 0-1

[Event "COL-chT Blitz"]
[Site "Santa Marta"]
[Date "2022.11.07"]
[Round "9.2"]
[White "Hernandez, Cristian Andres"]
[Black "Fonseca Pinto, Carlos Arturo"]
[Result "1-0"]
[WhiteElo "2331"]
[BlackElo "2118"]
[PlyCount "87"]
[EventDate "2022.11.07"]
[EventType "team-swiss"]
[EventRounds "9"]
[EventCountry "COL"]
[SourceTitle "CBM 211 Extra"]
[Source "ChessBase"]
[SourceDate "2023.01.31"]
[SourceVersion "1"]
[SourceVersionDate "2023.01.31"]
[SourceQuality "1"]
[WhiteTeam "Risaralda"]
[BlackTeam "Boyaca"]
[WhiteTeamCountry "COL"]
[BlackTeamCountry "COL"]

1. d4 Nf6 2. Nf3 c5 3. d5 d6 4. Nc3 g6 5. e4 a6 6. a4 Bg7 7. h3 0-0 8. Bd3 Re8 9. 0-0 e6 10. Bf4 exd5 11. exd5 Qc7 12. Nd2 Nbd7 13. Nc4 Ne5 14. a5 Nxc4 15. Bxc4 Ne4 16. Re1 Bf5 17. Nxe4 Rxe4 18. Rxe4 Bxe4 19. f3 Bf5 20. g4 Bd7 21. c3 Bb5 22. Qd3 Bxc4 23. Qxc4 Re8 24. b4 Be5 25. Bxe5 Rxe5 26. bxc5 dxc5 27. Kg2 Qd6 28. Rd1 h5 29. Qd3 h4 30. f4 Re7 31. Rf1 c4 32. Qxc4 Re3 33. Rf3 Qe7 34. Qd4 Re2+ 35. Rf2 Re4 36. Qd2 Re3 37. d6 Qe4+ 38. Kh2 Re1 39. Rg2 Re3 40. d7 Qxf4+ 41. Kg1 Qe5 42. d8Q+ Kg7 43. Q8d4 Re1+ 44. Qxe1 1-0

[Event "COL-chT Blitz"]
[Site "Santa Marta"]
[Date "2022.11.07"]
[Round "7.2"]
[White "Hernandez, Cristian Andres"]
[Black "Panesso Rivera, Henry"]
[Result "0-1"]
[WhiteElo "2331"]
[BlackElo "2357"]
[PlyCount "53"]
[EventDate "2022.11.07"]
[EventType "team-swiss"]
[EventRounds "9"]
[EventCountry "COL"]
[SourceTitle "CBM 211 Extra"]
[Source "ChessBase"]
[SourceDate "2023.01.31"]
[SourceVersion "1"]
[SourceVersionDate "2023.01.31"]
[SourceQuality "1"]
[WhiteTeam "Risaralda"]
[BlackTeam "Antioquia"]
[WhiteTeamCountry "COL"]
[BlackTeamCountry "COL"]

1. d4 Nf6 2. Nf3 e6 3. c4 d5 4. Nc3 Be7 5. Bf4 0-0 6. e3 a6 7. Rc1 dxc4 8. Bxc4 Bd6 9. Bg5 h6 10. Bh4 b5 11. Bd3 Nbd7 12. Bb1 Bb7 13. Qd3 Qe8 14. 0-0 b4 15. Ne2 Be4 16. Qb3 Bd5 17. Qa4 Bxf3 18. gxf3 Ne5 19. Qxe8 Nxf3+ 20. Kh1 Rfxe8 21. Bxf6 gxf6 22. Be4 Nd2 23. Bxa8 Rxa8 24. Rfd1 Ne4 25. Kg2 f5 26. f3 Nf6 27. Rc6 0-1

[Event "COL-chT Rapid"]
[Site "Santa Marta"]
[Date "2022.11.04"]
[Round "5.4"]
[White "Gutierrez Pama, Andres Mauricio"]
[Black "Hernandez, Cristian Andres"]
[Result "0-1"]
[WhiteElo "1474"]
[BlackElo "2353"]
[PlyCount "66"]
[EventDate "2022.11.02"]
[EventType "team-swiss"]
[EventRounds "7"]
[EventCountry "COL"]
[SourceTitle "CBM 211 Extra"]
[Source "ChessBase"]
[SourceDate "2023.01.31"]
[SourceVersion "1"]
[SourceVersionDate "2023.01.31"]
[SourceQuality "1"]
[WhiteTeam "Caqueta"]
[BlackTeam "Risaralda"]
[WhiteTeamCountry "COL"]
[BlackTeamCountry "COL"]

1. e4 c5 2. Nf3 d6 3. Bb5+ Nd7 4. Bxd7+ Bxd7 5. 0-0 Nf6 6. Re1 e6 7. c3 Be7 8. d4 cxd4 9. cxd4 d5 10. exd5 Nxd5 11. Nc3 Nxc3 12. bxc3 0-0 13. Ne5 Rc8 14. c4 Bf6 15. Qb3 Bc6 16. Bb2 Qa5 17. a4 Rfd8 18. Bc3 Qa6 19. c5 Rd5 20. f4 b6 21. cxb6 Qxb6 22. Qa3 Ba8 23. Rac1 Qb7 24. Nf3 h6 25. Ba1 Rdd8 26. Rxc8 Rxc8 27. Rc1 Rxc1+ 28. Qxc1 Qe4 29. Kf2 Bd5 30. Qd2 Qb1 31. Bb2 Bc4 32. Ne1 Bd5 33. Nf3 Qa2 0-1

[Event "COL-chT"]
[Site "Santa Marta"]
[Date "2022.11.04"]
[Round "5.3"]
[White "Hernandez, Cristian Andres"]
[Black "Campos Gomez, Manuel"]
[Result "0-1"]
[WhiteElo "2384"]
[BlackElo "2322"]
[PlyCount "52"]
[EventDate "2022.11.02"]
[EventType "team-swiss"]
[EventRounds "7"]
[EventCountry "COL"]
[SourceTitle "CBM 211 Extra"]
[Source "ChessBase"]
[SourceDate "2023.01.31"]
[SourceVersion "1"]
[SourceVersionDate "2023.01.31"]
[SourceQuality "1"]
[WhiteTeam "Risaralda"]
[BlackTeam "Valle"]
[WhiteTeamCountry "COL"]
[BlackTeamCountry "COL"]

1. d4 d5 2. c4 c6 3. Nf3 Nf6 4. Nc3 e6 5. e3 Nbd7 6. Qc2 Be7 7. g4 dxc4 8. Bxc4 b5 9. Be2 Bb7 10. Bd2 h6 11. a3 a5 12. Rc1 Rc8 13. Rg1 b4 14. axb4 axb4 15. Na4 c5 16. Nxc5 Nxc5 17. dxc5 Rxc5 18. Qa4+ Bc6 19. Qa1 Ra5 20. Qxa5 Qxa5 21. Rxc6 0-0 22. Ra6 Qc5 23. Nd4 Ne4 24. Rc6 Qa7 25. Bc1 Bf6 26. Nb5 Qb8 0-1

[Event "COL-chT Rapid"]
[Site "Santa Marta"]
[Date "2022.11.03"]
[Round "3.3"]
[White "Dominguez, Ramiro"]
[Black "Hernandez, Cristian Andres"]
[Result "1-0"]
[WhiteElo "2120"]
[BlackElo "2353"]
[PlyCount "40"]
[EventDate "2022.11.02"]
[EventType "team-swiss"]
[EventRounds "7"]
[EventCountry "COL"]
[SourceTitle "CBM 211 Extra"]
[Source "ChessBase"]
[SourceDate "2023.01.31"]
[SourceVersion "1"]
[SourceVersionDate "2023.01.31"]
[SourceQuality "1"]
[WhiteTeam "Bolivar"]
[BlackTeam "Risaralda"]
[WhiteTeamCountry "COL"]
[BlackTeamCountry "COL"]

1. e4 c5 2. Ne2 a6 3. g3 b5 4. Bg2 Bb7 5. 0-0 e6 6. d4 cxd4 7. Nxd4 Nc6 8. Re1 d6 9. a4 b4 10. Be3 Nf6 11. e5 Nd5 12. Bxd5 exd5 13. exd6 Qc8 14. Bf4+ Kd8 15. Nb3 f6 16. Qe2 Ne5 17. Bxe5 fxe5 18. Qxe5 Bc6 19. Nc5 Qg4 20. Ne6+ Ke8 1-0

[Event "COL-chT"]
[Site "Santa Marta"]
[Date "2022.11.03"]
[Round "3.3"]
[White "Hernandez, Cristian Andres"]
[Black "Vargas Arteaga, Alexis"]
[Result "0-1"]
[WhiteElo "2384"]
[BlackElo "2214"]
[PlyCount "94"]
[EventDate "2022.11.02"]
[EventType "team-swiss"]
[EventRounds "7"]
[EventCountry "COL"]
[SourceTitle "CBM 211 Extra"]
[Source "ChessBase"]
[SourceDate "2023.01.31"]
[SourceVersion "1"]
[SourceVersionDate "2023.01.31"]
[SourceQuality "1"]
[WhiteTeam "Risaralda"]
[BlackTeam "Caldas"]
[WhiteTeamCountry "COL"]
[BlackTeamCountry "COL"]

1. e4 c5 2. Nf3 d6 3. d4 cxd4 4. Nxd4 Nf6 5. Nc3 a6 6. Be2 e6 7. 0-0 Be7 8. Be3 Qc7 9. f4 Nc6 10. Qe1 0-0 11. Qg3 Bd7 12. Rae1 b5 13. a3 Rab8 14. Nxc6 Bxc6 15. Bd3 b4 16. axb4 Rxb4 17. Bc1 Qb7 18. Qf3 Rc8 19. Qe2 Ra8 20. b3 d5 21. exd5 Nxd5 22. Nxd5 Bxd5 23. Ba3 Rb6 24. Bxe7 Qxe7 25. Bxh7+ Kxh7 26. Qh5+ Kg8 27. Qxd5 Rc8 28. Rf2 Rd6 29. Qe5 Qd8 30. h3 Rd5 31. Qe3 Qa5 32. c4 Rd7 33. Kh2 Rcd8 34. Qe5 Qb6 35. Re3 Rd1 36. f5 R8d3 37. Rxd3 Rxd3 38. c5 Qxb3 39. f6 Rd5 40. Qc7 Qe3 41. Qb8+ Kh7 42. Qf8 Rg5 43. fxg7 Rxg7 44. Ra2 Qf4+ 45. Kh1 Qf5 46. Rb2 Qf1+ 47. Kh2 Qf4+ 0-1

[Event "COL-chT"]
[Site "Santa Marta"]
[Date "2022.11.02"]
[Round "1.2"]
[White "Pai, Juan David"]
[Black "Hernandez, Cristian Andres"]
[Result "0-1"]
[WhiteElo "2039"]
[BlackElo "2384"]
[PlyCount "122"]
[EventDate "2022.11.02"]
[EventType "team-swiss"]
[EventRounds "7"]
[EventCountry "COL"]
[SourceTitle "CBM 211 Extra"]
[Source "ChessBase"]
[SourceDate "2023.01.31"]
[SourceVersion "1"]
[SourceVersionDate "2023.01.31"]
[SourceQuality "1"]
[WhiteTeam "Narino"]
[BlackTeam "Risaralda"]
[WhiteTeamCountry "COL"]
[BlackTeamCountry "COL"]

1. Nf3 Nf6 2. d4 e6 3. c4 b6 4. g3 Ba6 5. b3 Bb4+ 6. Bd2 Be7 7. Nc3 d5 8. Bg2 c6 9. Ne5 0-0 10. cxd5 cxd5 11. 0-0 Bb7 12. Rc1 Nfd7 13. Nxd7 Qxd7 14. e4 dxe4 15. Nxe4 Nc6 16. Be3 Rfd8 17. Qh5 Rac8 18. Rfd1 Nb4 19. Ng5 Bxg5 20. Qxg5 Bxg2 21. Kxg2 Nxa2 22. Rc4 Qd5+ 23. Kg1 Qxg5 24. Bxg5 f6 25. Be3 b5 26. Rxc8 Rxc8 27. Ra1 Rc2 28. d5 exd5 29. Kf1 a5 30. Ke1 b4 31. Bb6 a4 32. bxa4 b3 33. Bd4 Rc4 34. Bb2 Rxa4 35. Rd1 Ra5 36. Rd3 Rb5 37. Kd2 Kf7 38. Re3 h5 39. h4 Kg6 40. Rf3 Kf7 41. Re3 Rb4 42. f3 d4 43. Re4 Nc3 44. Rf4 Ke6 45. g4 g5 46. hxg5 fxg5 47. Rf5 Na4 48. Ba1 hxg4 49. fxg4 b2 50. Bxb2 Nxb2 51. Rxg5 Nc4+ 52. Kd3 Ne5+ 53. Ke4 d3+ 54. Ke3 Rb2 55. Rg8 Re2+ 56. Kf4 d2 57. Rd8 Nd7 58. Re8+ Kf7 59. Rxe2 d1Q 60. Re3 Nf6 61. g5 Nd5+ 0-1

[Event "Barcelona Sants op-A 23rd"]
[Site "Barcelona"]
[Date "2022.08.21"]
[Round "3"]
[White "Hernandez, Cristian Andres"]
[Black "Narayanan, Sunilduth Lyna"]
[Result "0-1"]
[WhiteElo "2404"]
[BlackElo "2654"]
[PlyCount "106"]
[EventDate "2022.08.19"]
[EventType "swiss"]
[EventRounds "10"]
[EventCountry "ESP"]
[SourceTitle "CBM 209 Extra"]
[Source "ChessBase"]
[SourceDate "2022.09.30"]
[SourceVersion "1"]
[SourceVersionDate "2022.09.30"]
[SourceQuality "1"]

1. d4 d5 2. Nf3 Nf6 3. c4 e6 4. Nc3 dxc4 5. e3 a6 6. Bxc4 b5 7. Be2 Bb7 8. 0-0 Nbd7 9. a4 b4 10. Nb1 c5 11. b3 Be7 12. Bb2 0-0 13. Nbd2 cxd4 14. Bxd4 Nd5 15. Rc1 Rc8 16. Bc4 Qa5 17. Bxd5 Qxd5 18. e4 Qh5 19. Qe2 e5 20. Bb2 f6 21. Qd3 Qg4 22. Rxc8 Rxc8 23. Rc1 Rxc1+ 24. Bxc1 Qe6 25. Ne1 Nc5 26. Qc2 a5 27. Bb2 Ba6 28. h3 g6 29. Kh2 Qc6 30. Kg1 Bb7 31. Nd3 Nxe4 32. Qxc6 Bxc6 33. Nc4 Bd8 34. f3 Nc3 35. Bxc3 bxc3 36. Kf2 e4 37. Ne1 exf3 38. gxf3 g5 39. Ke3 Bd7 40. Kd3 Bxh3 41. Kxc3 h5 42. Kd4 Be6 43. Ke3 Bxc4 44. bxc4 Bb6+ 45. Ke2 Kf7 46. Nd3 h4 47. Kf1 h3 48. c5 Bc7 49. Nf2 h2 50. Kg2 Ke6 51. Ne4 Be5 52. c6 Bf4 53. Kh1 Kd5 0-1

[Event "Tremblay en France"]
[Site "Tremblay en France"]
[Date "2022.07.07"]
[Round "4"]
[White "Hernandez, Cristian Andres"]
[Black "Bon, Michael"]
[Result "1-0"]
[WhiteElo "2407"]
[BlackElo "2413"]
[PlyCount "33"]
[EventDate "2022.07.06"]
[EventType "tourn"]
[EventRounds "9"]
[EventCountry "FRA"]
[EventCategory "5"]
[SourceTitle "CBM 209 Extra"]
[Source "ChessBase"]
[SourceDate "2022.09.30"]
[SourceVersion "1"]
[SourceVersionDate "2022.09.30"]
[SourceQuality "1"]

1. e4 c5 2. Nf3 d6 3. Bb5+ Nd7 4. d4 cxd4 5. Qxd4 a6 6. Bxd7+ Bxd7 7. Nc3 h6 8. e5 Bc6 9. exd6 Qxd6 10. Qxd6 exd6 11. Be3 Nf6 12. Bd4 Be7 13. Nh4 Bd7 14. 0-0-0 0-0-0 15. Rhe1 Rde8 16. g3 g5 17. Rxe7 1-0